Key Concepts in Cultural Theory /

保存先:
書誌詳細
第一著者: Edgar, Andrew (ed.)
その他の著者: Sedgwick, Peter (edición) (edición)
フォーマット: 図書
言語:英語
出版事項: Londres, Inglaterra : Routledge, 1999, c1999
シリーズ:(Key Concepts Series)
主題:
タグ: タグ追加
タグなし, このレコードへの初めてのタグを付けませんか!

MARC

LEADER 00000nam^a2200000^a^4500
001 000139750
005 20250521000000.0
009 20260310095515.311
020 |a 0-415-11403-9 
037 |a Acervo ITESO - Biblioteca 
041 |a ING 
082 |a 306. 03  |b EDG 
100 |a Edgar, Andrew  |e (ed.) 
245 1 0 |a Key Concepts in Cultural Theory /  |c Ed. e introd. de A. Edgar, P. Sedgwick. 
264 4 |a Londres, Inglaterra :  |b Routledge,  |c 1999, c1999 
300 |a XVII, 506 p. 
336 |a texto  |b txt  |2 rdacontenido 
337 |a sin mediación  |b n  |2 rdamedio 
338 |a volumen  |b nc  |2 rdasoporte 
440 1 |a (Key Concepts Series) 
649 |a XX 
650 |a Cultura -  |x Teoría 
650 |a Cultura -  |x Enciclopedias y Diccionarios 
650 |a Antropología Cultural -  |x Enciclopedias y Diccionarios 
650 |a Sociología de la Cultura -  |x Enciclopedias y Diccionarios 
650 |a Filosofía -  |x Enciclopedias y Diccionarios 
650 |a Ciencias Sociales -  |x Enciclopedias y Diccionarios 
650 |a Enciclopedias y Diccionarios 
700 |a Sedgwick, Peter  |e (edición) 
910 |a Fondo General 
920 |a Impresos - Libros 
930 |a Obras de Referencia 
905 |a 102 
901 |a 0500067664  |b IT2  |c REF  |u 20250521 
902 |a https://opac.biblio.iteso.mx/vufind/Record/000139750